|
|
|
|
| LEADER |
00000nab a2200000 a 4500 |
| 001 |
vtls010041037 |
| 003 |
SK-MaSNL |
| 005 |
20260303051043.0 |
| 008 |
100119c20091211xo dr| 0 0slo |
| 038 |
|
|
|a RVGKPD
|
| 040 |
|
|
|a RVGKPD
|b slo
|c RVGKPD
|e AACR2
|
| 041 |
|
|
|a slo
|
| 044 |
|
|
|a xo
|c SK
|
| 080 |
|
|
|a 796.332
|2 1997
|
| 100 |
1 |
|
|a Podolinský, Peter,
|d 1974-
|4 aut
|4 ivr
|9 872876
|
| 245 |
1 |
0 |
|a Rožňava má za sebou dobrú jeseň
|b súčasná situácia klubu prináša viacero otáznikov
|c Peter Podolinský, Jaroslav Strelka
|
| 300 |
|
|
|b Fotogr.
|
| 610 |
2 |
7 |
|a SP MFK Rožňava (Rožňava, Slovensko)
|2 rvgkpd
|9 1024861
|
| 650 |
0 |
7 |
|a futbal
|x 4. liga
|2 rvgkpd
|9 1040036
|
| 651 |
|
7 |
|a Rožňava (Slovensko)
|2 rvgkpd
|9 17394
|
| 655 |
|
7 |
|a rozhovory
|2 rvgkpd
|9 31831
|
| 700 |
1 |
|
|a Strelka, Jaroslav
|4 aut
|4 ive
|9 1024482
|
| 773 |
0 |
|
|t Gemerský korzár
|g Roč. XI, č. 286 (11.12.2009), s. 11
|x 1335-7581
|
| 852 |
|
|
|a RVGKPD
|b KIS3G
|
| 992 |
|
|
|a RBX
|
| 999 |
|
|
|c 1710113
|d 1712043
|